Responses for show #7263 - Wednesday, March 23, 2016

Contestants

[<< previous game]

Jessica Kiefer, a reference librarian from Pittsburgh, Pennsylvania

Jen Kadzie, a technical service manager from Chicago, Illinois

Claudia Stucke, a former writer and high school English teacher from Decatur, Georgia (whose 1-day cash winnings total $18,800)

[next game >>]

Jeopardy! Round responses

OLD TESTAMENT PEEPS
NATO PHONETIC ALPHABET CODE WORDS
WOMEN ON TV
(Alex: You get to go back in time to...)
THE 18th CENTURY
(Alex: And then you'll be...)
SINGING
FOR YOUR SUPPER
    $200 4
Goliath

Claudia
    $200 23
whiskey

Jen
    $200 1
The West Wing

Jen
    $200 2
a civil war

Jessica
    $200 13
Venice

Jen
    $200 16
seafood

Jessica
    $400 5
(Jessica: What is Babylon?)

Persia

Jessica
Triple Stumper
    $400 24
echo

Jen
    $400 9
(Jessica: What is Deep Space Nine?)
...
(Alex: She captained the U.S.S. [*].)

Voyager

Jessica
Triple Stumper
    $400 3
(Claudia: Who is [*]?)
(Alex: You wanted to say Handel, didn't you?)
(Claudia: I did.)
(Alex: I know. You're right with [*] this time. Go again.)

Bach

Claudia
    $400 14
scat

Claudia
    $400 22
salad

Claudia
    $600 6
Baal

Claudia
    $600 25
hotel

Jen
    $600 10
(Alex: That's from [*], a popular show.)

Game of Thrones

Triple Stumper
    $600 17
Patrick Henry

Jessica
    $1,000 15
(Claudia: Um...*mumbles* Prima diva.)

prima donna

Claudia
    $600 28
soup

Jessica
    $800 7
Canaan

Jessica
    $800 26
foxtrot

Jen
    $800 11
Claire Danes

Jessica
    $800 18
the franc

Claudia
    $800 20
cantor

Claudia
    $800 29
Beef Wellington

Jen
    $1000 8
the Moabites

Triple Stumper
    $1000 27
golf

Jessica
    $1000 12
Nashville

Jen
    $1000 19
pi

Jen
    $1000 21
(Alex: And I will not try to give you an example of [*]. [*].)

throat singing

Triple Stumper
    $1000 30
Veracruz

Triple Stumper

Scores at the first commercial break (after clue 15):

Claudia Jen Jessica
$600 $1,400 $1,000

Scores at the end of the Jeopardy! Round:

Claudia Jen Jessica
$2,600 $5,200 $3,400

Double Jeopardy! Round responses

5-LETTER FILM FEST
RECENT SCIENCE
FELINE LIBRARY
NAMESAKES
THE BALTIC
IT'S A "SHAM"
    $400 5
Speed

Jen
    $400 13
carbon dioxide

Jen
    $400 2
The Cat in the Hat

Jen
    $400 3
(Alex: Yeah, that's a great way to learn English.)

Gilligan's Island

Jen
    $400 19
Helsinki

Jen
    $400 14
shamrock

Jessica
    $800 6
(Jessica: What is The Usual Suspects?)
...
(Alex: What is [*]? Remember, five letters only.)

Seven

Jessica
Triple Stumper
    $800 21
Pinocchio

Jen
    $800 1
William Blake

Jessica
    $800 4
Florence Nightingale

Claudia
    $800 15
shampoo

Jessica
    $1200 7
Blade

Jen
    $1200 22
(Alex: The moons are known as "shepherd moons"; one's orbiting inside the ring, one outside.)

Saturn

Jessica
    $1200 10
The Leopard

Triple Stumper
    $1200 28
(Alex: It's in your home. [*].)
[The end-of-round signal sounds.]

AC (alternating current)

Triple Stumper
    $1200 16
(Claudia: What's shamble... [*]?)

shambles

Claudia
    $1,400 8
Taken

Jen
    $1600 23
Jurassic

Triple Stumper
    $1600 11
Pet Sematary

Claudia
    $1600 25
(Alex: His name is Arthur Stillwell, gave his name to [*].)

Port Arthur

Triple Stumper
    $1600 27
amber

Jen
    $1600 17
(Jessica: Who is Sam Sham?)

Sam the Sham

ClaudiaJessica
    $2000 9
Marty

Jessica
    $2000 24
(Alex: Less than a minute to go, now.)

lightning

Jen
    $2000 12
Born Free

Claudia
    $2,200 20
Thomas Hobbes

Jen
    $2000 26
Kiel Canal

Triple Stumper
    $2000 18
Miss Havisham

Claudia

Scores at the end of the Double Jeopardy! Round:

Claudia Jen Jessica
$11,800 $16,400 $6,200

[wagering suggestions for these scores]

Final Jeopardy! Round responses

21st CENTURY NEWS
(Alex: This was a tough one; there's an obvious response that is incorrect, and we'll see if one of you came up with that.)
JessicaWhat is asteroid?
$5,000
ClaudiaWhat is the Chernobyl disaster?
$0
JenWhat is the Olympics?
$7,201
the crash of the Mir space platform

Final scores:

Claudia Jen Jessica
$11,800 $9,199 $1,200
2-day champion: $30,600 2nd place: $2,000 3rd place: $1,000

Game dynamics:

Coryat scores:

Claudia Jen Jessica
$12,800 $16,400 $6,200
13 R,
1 W
(including 1 DD)
20 R
(including 2 DDs),
0 W
12 R,
4 W

Combined Coryat: $35,400

The J! Archive is created by fans, for fans. The Jeopardy! game show and all elements thereof, including but not limited to copyright and trademark thereto, are the property of Jeopardy Productions, Inc. and are protected under law. This website is not affiliated with, sponsored by, or operated by Jeopardy Productions, Inc. Join the discussion at JBoard.tv.